00704nam a2200181 a 4500008004100000020001800041050001400059100002100073245006100094250001200155260004500167300002100212350000900233650001500242995011800257999001700375952013000392110328s2001 ||||||||||||||||| || u a9780195155006 aBD 21 Bar aBarcalow, Emmett10aOpen questions: an introduction to philosophy. (3rd ed.) a3rd ed. aNew York:bOxford University Pressc2001 axvi, 476p.: ill. a0.00 aPHILOSOPHY D0.00FCBU-MAIN LIBRARY (Kitwe)H1I0.00M1ULOSTVJun 13, 2016WMay 19, 2011ZMain Library Open Access Collection c52629d52629 00102lcc4070a001b001cMain Library Open Access Collectiond2022-11-30l0oBD 21 Barp742498r2022-11-30w2022-11-30y002